000 00756nam a2200229Ii 4500
003 JO-AjNU
008 230605s9999||||xx |||||||||||||| ||und||
017 _a1976/4103
020 _a977-306-026-8
040 _aJO-AjNU
_bara
_erda
_cJO-AjNU
041 _aara
050 1 4 _aHV 6015.R3664 1977
100 3 _aعبيد، رؤوف,
_eauthor
_937534
245 0 0 _aاصول علمي الاجرام والعقاب
250 _aط4 مزيدة ومنقحة
264 3 1 _aبغداد: دار الفكر العربي، 1977
300 _a615ص
_bيحتوي على ببلوغرافية من 580-615ص
336 _atext
_btxt
_2rdacontent
337 _aunmediated
_bn
_2rdamedia
338 _avolume
_bnc
_2rdacarrier
650 4 _aعلم الاجرام
_937535
999 _aA15691
_c19259
_d19259